[Event "FIN-chT 2324"]
[Site "Finland"]
[Date "2023.09.24"]
[Round "2.8"]
[White "Kivisto, Mikko"]
[Black "Karvinen, Kimmo"]
[Result "1-0"]
[WhiteElo "2194"]
[BlackElo "2045"]
[PlyCount "71"]
[EventDate "2023.09.23"]
[EventType "team-tourn"]
[EventRounds "12"]
[EventCountry "FIN"]
[SourceTitle "EXT 2024"]
[Source "ChessBase"]
[SourceDate "2023.10.10"]
[SourceVersion "1"]
[SourceVersionDate "2023.10.10"]
[SourceQuality "1"]
[WhiteTeam "Espoo MatSK"]
[BlackTeam "Gambiitti"]
[WhiteTeamCountry "FIN"]
[BlackTeamCountry "FIN"]

1. e4 e6 2. Nf3 d5 3. Nc3 Nf6 4. e5 Nfd7 5. d4 c5 6. dxc5 Nc6 7. Bf4 Nxc5 8. Bd3 Nxd3+ 9. Qxd3 Be7 10. h4 Bd7 11. 0-0-0 Qa5 12. Kb1 h6 13. Rh3 0-0-0 14. Qb5 Qc7 15. Qe2 a6 16. Qe3 Qa5 17. Ne2 Kb8 18. Nfd4 Ka8 19. Nb3 Qa4 20. Bh2 Rb8 21. Nc5 Bxc5 22. Qxc5 b6 23. Qd6 Nb4 24. Nc3 Qxc2+ 25. Ka1 d4 26. Qxd4 Nd5 27. Nxd5 exd5 28. Rc3 Qf5 29. Qxd5+ Rb7 30. Rc7 Bc8 31. f3 Qe6 32. Qe4 Re8 33. Rd6 Qxd6 34. exd6 Rxe4 35. Rxc8+ Ka7 36. fxe4 1-0

[Event "FIN-chT 2022"]
[Site "Finland"]
[Date "2022.05.22"]
[Round "8.6"]
[White "Almi, Olavi"]
[Black "Karvinen, Kimmo"]
[Result "0-1"]
[WhiteElo "1933"]
[BlackElo "2095"]
[PlyCount "88"]
[EventDate "2020.09.12"]
[EventType "team-tourn"]
[EventRounds "11"]
[EventCountry "FIN"]
[SourceTitle "EXT 2023"]
[Source "ChessBase"]
[SourceDate "2022.10.05"]
[SourceVersion "1"]
[SourceVersionDate "2022.10.05"]
[SourceQuality "1"]
[WhiteTeam "Turku TuTS"]
[BlackTeam "Gambiitti"]
[WhiteTeamCountry "FIN"]
[BlackTeamCountry "FIN"]

1. e4 e6 2. d4 d5 3. Nc3 Nf6 4. e5 Nfd7 5. f4 c5 6. Nf3 Nc6 7. Ne2 cxd4 8. Nexd4 Be7 9. Nxc6 bxc6 10. c3 Qb6 11. Bd3 Ba6 12. Bxa6 Qxa6 13. Qe2 Qb6 14. Be3 Bc5 15. Bxc5 Nxc5 16. Rc1 Qxb2 17. Qxb2 Nd3+ 18. Ke2 Nxb2 19. Nd4 Kd7 20. Rb1 Rab8 21. Nb3 Na4 22. Kd2 Rb6 23. Kc2 Rhb8 24. Nd2 Rb2+ 25. Kd3 Kc7 26. g4 c5 27. Rxb2 Rxb2 28. f5 Kd7 29. Ra1 c4+ 30. Ke3 Nxc3 31. a3 Na4 32. Nf3 Nc5 33. fxe6+ fxe6 34. h4 Rb3+ 35. Ke2 Ne4 36. g5 Ng3+ 37. Kf2 Nf5 38. h5 Rb2+ 39. Kf1 Ng3+ 40. Kg1 Nxh5 41. Nd4 Nf4 42. Rf1 Ne2+ 43. Nxe2 Rxe2 44. Rf7+ Kc8 0-1

[Event "FIN-chT 2022"]
[Site "Finland"]
[Date "2022.03.12"]
[Round "5.7"]
[White "Laasanen, Teemu"]
[Black "Karvinen, Kimmo"]
[Result "0-1"]
[WhiteElo "2094"]
[BlackElo "2095"]
[PlyCount "194"]
[EventDate "2020.09.12"]
[EventType "team-tourn"]
[EventRounds "11"]
[EventCountry "FIN"]
[SourceTitle "EXT 2023"]
[Source "ChessBase"]
[SourceDate "2022.10.05"]
[SourceVersion "1"]
[SourceVersionDate "2022.10.05"]
[SourceQuality "1"]
[WhiteTeam "Jyvaskyla JyS"]
[BlackTeam "Gambiitti"]
[WhiteTeamCountry "FIN"]
[BlackTeamCountry "FIN"]

1. c4 e5 2. Nc3 Nc6 3. Nf3 Nf6 4. g3 Bb4 5. Nd5 d6 6. a3 Bc5 7. b4 Bb6 8. Nxb6 axb6 9. Bb2 0-0 10. Bg2 Be6 11. d4 e4 12. d5 exf3 13. exf3 Bd7 14. dxc6 Re8+ 15. Kf1 Bxc6 16. b5 Bd7 17. a4 Be6 18. Qc1 Nd7 19. f4 Nc5 20. Qc2 Qd7 21. h3 Bf5 22. Qc3 f6 23. g4 Be4 24. Bxe4 Rxe4 25. g5 fxg5 26. Rg1 Rxf4 27. Rxg5 Rxf2+ 28. Kg1 Rf7 29. Rg4 Re8 30. Qc2 Qe6 31. Qg2 Qe3+ 32. Kh1 g6 33. h4 Qf3 34. h5 Re6 35. a5 bxa5 36. hxg6 Rxg6 37. Rxg6+ hxg6 38. Qxf3 Rxf3 39. Rxa5 Rf4 40. Ra8+ Kf7 41. Rc8 Rxc4 42. Rxc7+ Ke6 43. Rg7 Rb4 44. Rxg6+ Kd5 45. Bf6 Rxb5 46. Be7 Ne4 47. Kg2 Rb3 48. Rh6 Rg3+ 49. Kf1 Rg7 50. Bd8 b5 51. Ke2 Rg3 52. Rh5+ Kc6 53. Rh4 Nc5 54. Ba5 Ra3 55. Bd2 Ra4 56. Rh6 Rd4 57. Bc3 Re4+ 58. Kd2 Re6 59. Rh8 Ne4+ 60. Kd3 Nxc3 61. Kxc3 Re3+ 62. Kd4 Re5 63. Rc8+ Kd7 64. Ra8 Rh5 65. Ra7+ Ke6 66. Rb7 Rg5 67. Ra7 Rg4+ 68. Kc3 Kd5 69. Ra8 Rc4+ 70. Kb3 Rc1 71. Rb8 Kd4 72. Kb2 Rc5 73. Kb3 Rh5 74. Rc8 Rh3+ 75. Kb4 Rh1 76. Kb3 Rb1+ 77. Kc2 Rb4 78. Rb8 Kc5 79. Kc3 Rc4+ 80. Kb3 d5 81. Rc8+ Kd4 82. Rb8 Rc1 83. Kb2 Rc5 84. Kb3 Kd3 85. Rd8 d4 86. Kb4 Rc7 87. Rd6 Ke3 88. Rh6 d3 89. Re6+ Kf2 90. Kxb5 d2 91. Rd6 Ke1 92. Re6+ Kd1 93. Ra6 Kc2 94. Ra2+ Kd3 95. Ra3+ Rc3 96. Ra1 Rc1 97. Ra3+ Kd4 0-1

[Event "Helsinki MatSK op"]
[Site "Helsinki"]
[Date "2020.02.22"]
[Round "5"]
[White "Karvinen, Kimmo"]
[Black "Sopanen, Pekka"]
[Result "1-0"]
[WhiteElo "2109"]
[BlackElo "1829"]
[PlyCount "83"]
[EventDate "2020.02.21"]
[EventType "swiss"]
[EventRounds "7"]
[EventCountry "FIN"]
[SourceTitle "CBM 195 Extra"]
[Source "ChessBase"]
[SourceDate "2020.05.31"]
[SourceVersion "1"]
[SourceVersionDate "2020.05.31"]
[SourceQuality "1"]

1. e4 c6 2. d4 d5 3. exd5 cxd5 4. Bd3 Nc6 5. c3 Qc7 6. Ne2 Bg4 7. 0-0 e6 8. Qe1 Bd6 9. f3 Bh5 10. Qh4 Bg6 11. Bxg6 fxg6 12. Bf4 Nge7 13. Bxd6 Qxd6 14. Re1 0-0 15. Nd2 Rae8 16. Qg3 Qxg3 17. hxg3 Nf5 18. Nf4 Kf7 19. Kh2 Re7 20. Re2 Rd8 21. Rae1 Rd6 22. g4 Nh6 23. Nh3 Nd8 24. Nb3 Kg8 25. Nc5 Nhf7 26. Nf4 Ng5 27. Re5 Ngf7 28. Rxd5 Rb6 29. Nb3 Nc6 30. Rc5 Nfd8 31. Re2 Kf7 32. Nc1 h6 33. Ncd3 Kf6 34. Nh3 Rd7 35. Nhf2 Kf7 36. Nd1 Ra6 37. a3 Rd6 38. Rb5 b6 39. Ne3 Rxd4 40. cxd4 Nxd4 41. Rd2 Nxb5 42. Nb4 1-0

[Event "Jyvaskyla Winter WE op"]
[Site "Jyvaskyla"]
[Date "2020.02.02"]
[Round "5"]
[White "Karvinen, Kimmo"]
[Black "Hintikka, Eero"]
[Result "1/2-1/2"]
[WhiteElo "2100"]
[BlackElo "1985"]
[PlyCount "94"]
[EventDate "2020.01.31"]
[EventType "swiss"]
[EventRounds "5"]
[EventCountry "FIN"]
[SourceTitle "EXT 2021"]
[Source "ChessBase"]
[SourceDate "2020.10.23"]
[SourceVersion "1"]
[SourceVersionDate "2020.10.23"]
[SourceQuality "1"]

1. e4 e5 2. Nf3 Nc6 3. Bb5 Nf6 4. Nc3 Nd4 5. Bc4 Bc5 6. h3 0-0 7. d3 d6 8. 0-0 c6 9. Nxd4 Bxd4 10. Qf3 h6 11. Ne2 Bb6 12. Ng3 Nh7 13. Nf5 Qf6 14. Qg3 Kh8 15. Ne3 g5 16. Nd1 Qg6 17. Be3 Nf6 18. Bxb6 axb6 19. Qe3 b5 20. Bb3 Nh5 21. g4 Nf4 22. Qf3 h5 23. Ne3 hxg4 24. hxg4 Qh7 25. Qh1 Qxh1+ 26. Kxh1 Kg7 27. f3 Rh8+ 28. Kg1 Rh3 29. Kf2 Rh2+ 30. Kg3 Rh3+ 31. Kf2 Be6 32. Rh1 Bxb3 33. Rxh3 Nxh3+ 34. Kg3 Nf4 35. cxb3 Rh8 36. Nf5+ Kf6 37. Nxd6 Rh3+ 38. Kf2 Rh2+ 39. Kg1 Rxb2 40. Nxb7 Rg2+ 41. Kh1 Rb2 42. Nd8 Nxd3 43. a4 bxa4 44. bxa4 c5 45. a5 Rb8 46. Nc6 Ra8 47. a6 Nb4 1/2-1/2

[Event "Jyvaskyla Winter WE op"]
[Site "Jyvaskyla"]
[Date "2020.01.31"]
[Round "1"]
[White "Karvinen, Kimmo"]
[Black "Galchenko, Matvey"]
[Result "0-1"]
[WhiteElo "2100"]
[BlackElo "2418"]
[PlyCount "102"]
[EventDate "2020.01.31"]
[EventType "swiss"]
[EventRounds "5"]
[EventCountry "FIN"]
[SourceTitle "EXT 2021"]
[Source "ChessBase"]
[SourceDate "2020.10.23"]
[SourceVersion "1"]
[SourceVersionDate "2020.10.23"]
[SourceQuality "1"]

1. e4 e6 2. d4 d5 3. exd5 exd5 4. Bd3 Bd6 5. Nf3 Nc6 6. c3 Bg4 7. Qe2+ Nge7 8. h3 Bh5 9. Nbd2 Qd7 10. 0-0 0-0-0 11. b4 Ng6 12. Bxg6 hxg6 13. Qd3 Qf5 14. Qxf5+ gxf5 15. Re1 f6 16. Nh2 Rde8 17. Bb2 g5 18. Ndf1 f4 19. f3 Nb8 20. a4 a5 21. bxa5 Nc6 22. Kf2 Nxa5 23. Nd2 f5 24. Ba3 Rxe1 25. Kxe1 Bxa3 26. Rxa3 Be8 27. Nhf1 Rh6 28. Kd1 Re6 29. Ra2 Bd7 30. Ra3 Kd8 31. Ra2 Ke7 32. Ra3 Kf6 33. Ra2 Kg6 34. Ra3 Kh5 35. Ra2 Kh4 36. Ra3 Re8 37. Ra2 b6 38. Ra3 Ra8 39. Kc2 Nb7 40. Kb3 Re8 41. Ra1 Re2 42. Kb2 Na5 43. Kc2 Bc8 44. Kd3 Ba6+ 45. c4 Rxg2 46. Re1 Nxc4 47. Kc3 Nxd2 48. Nxd2 Be2 49. Ra1 Rf2 50. a5 bxa5 51. Rxa5 Bxf3 0-1

[Event "Jyvaskyla Winter WE op"]
[Site "Jyvaskyla"]
[Date "2020.01.31"]
[Round "3"]
[White "Kauppala, Pekka"]
[Black "Karvinen, Kimmo"]
[Result "1-0"]
[WhiteElo "2030"]
[BlackElo "2100"]
[PlyCount "91"]
[EventDate "2020.01.31"]
[EventType "swiss"]
[EventRounds "5"]
[EventCountry "FIN"]
[SourceTitle "EXT 2021"]
[Source "ChessBase"]
[SourceDate "2020.10.23"]
[SourceVersion "1"]
[SourceVersionDate "2020.10.23"]
[SourceQuality "1"]

1. e4 g6 2. h4 h5 3. d4 c6 4. Nc3 d5 5. e5 Bf5 6. Bd3 Bxd3 7. Qxd3 e6 8. Bg5 Qa5 9. Nge2 Qa6 10. Qh3 Be7 11. Nf4 Bxg5 12. hxg5 Ne7 13. 0-0-0 Nd7 14. g4 h4 15. Nd3 0-0-0 16. f4 Qa5 17. Qe3 Nb6 18. Qf2 Nc4 19. Rh3 b5 20. Nc5 Kc7 21. Rdh1 Nc8 22. f5 Kb8 23. fxe6 fxe6 24. Qf7 Qb6 25. Rxh4 Rhf8 26. Qxf8 Rxf8 27. Nd7+ Kb7 28. Nxb6 N8xb6 29. Rh7+ Ka6 30. Rc7 b4 31. Nd1 Kb5 32. c3 a5 33. Re7 Rf3 34. Rxe6 Na4 35. cxb4 axb4 36. b3 Nab6 37. bxc4+ dxc4 38. Rf6 Ra3 39. e6 Nd5 40. Re1 Rxa2 41. e7 b3 42. e8Q Ra1+ 43. Kb2 Ra2+ 44. Kb1 c3 45. Qxc6+ Ka5 46. Qc5+ 1-0

[Event "Helsinki EtVaS Autumn-B"]
[Site "Helsinki"]
[Date "2019.09.06"]
[Round "1"]
[White "Karvinen, Kimmo"]
[Black "Karppinen, Mikael"]
[Result "1-0"]
[WhiteElo "2109"]
[BlackElo "1715"]
[PlyCount "63"]
[EventDate "2019.09.06"]
[EventType "tourn"]
[EventRounds "5"]
[EventCountry "FIN"]
[SourceTitle "EXT 2021"]
[Source "ChessBase"]
[SourceDate "2020.10.23"]
[SourceVersion "1"]
[SourceVersionDate "2020.10.23"]
[SourceQuality "1"]

1. e4 e6 2. d4 d5 3. Nd2 b6 4. c3 Bb7 5. e5 Ne7 6. Bd3 c5 7. Ne2 Qd7 8. 0-0 g6 9. Nf3 Bg7 10. Be3 c4 11. Bc2 Nf5 12. Bd2 Nc6 13. Qc1 h6 14. Nf4 0-0-0 15. Re1 Rdg8 16. Qb1 Nd8 17. b3 Ba6 18. h3 Bf8 19. a4 Ng7 20. a5 b5 21. bxc4 dxc4 22. Bc1 g5 23. Ne2 Nh5 24. Nh2 f5 25. exf6 Nxf6 26. Nf3 Bd6 27. Ne5 Bxe5 28. dxe5 Nd5 29. Be4 Nf7 30. Qc2 Nxe5 31. Nd4 Nb4 32. cxb4 1-0

[Event "FIN-ch rapid"]
[Site "Helsinki"]
[Date "2019.08.24"]
[Round "2"]
[White "Karvinen, Kimmo"]
[Black "Stahle, Sten"]
[Result "1-0"]
[WhiteElo "2109"]
[BlackElo "1563"]
[PlyCount "93"]
[EventDate "2019.08.24"]
[EventType "swiss (rapid)"]
[EventRounds "9"]
[EventCountry "FIN"]
[SourceTitle "EXT 2020"]
[Source "ChessBase"]
[SourceDate "2019.10.17"]
[SourceVersion "1"]
[SourceVersionDate "2019.10.17"]
[SourceQuality "1"]

1. e4 d5 2. exd5 Nf6 3. Bb5+ Bd7 4. Be2 Nxd5 5. d4 Bf5 6. Nf3 Nc6 7. Nh4 Bg6 8. c3 e6 9. Nxg6 hxg6 10. Nd2 Qd7 11. Ne4 Be7 12. Qb3 Nb6 13. Bf3 0-0-0 14. Be3 Na5 15. Qc2 Nac4 16. Bc1 Nd5 17. b3 Nd6 18. Nc5 Qe8 19. 0-0 Nf5 20. Be4 c6 21. b4 Nf6 22. a4 Bd6 23. h3 Rh4 24. Bg5 Rh5 25. Bxf6 gxf6 26. b5 Bxc5 27. dxc5 Ne7 28. bxc6 Nxc6 29. a5 Rxc5 30. a6 b6 31. Qe2 f5 32. Bf3 Ne5 33. Bb7+ Kb8 34. Qe3 Rd3 35. Qf4 Rdxc3 36. Rad1 Qe7 37. Rd4 g5 38. Qh2 f4 39. Rfd1 Rc1 40. Kh1 Rxd1+ 41. Rxd1 Rc2 42. Qg1 g4 43. Qe1 Qf6 44. Qe4 gxh3 45. Qxc2 hxg2+ 46. Kxg2 Qg5+ 47. Kf1 1-0

[Event "Helsinki MatSK op"]
[Site "Helsinki"]
[Date "2019.02.24"]
[Round "7"]
[White "Elomaa, Arto"]
[Black "Karvinen, Kimmo"]
[Result "1-0"]
[WhiteElo "2126"]
[BlackElo "2113"]
[PlyCount "87"]
[EventDate "2019.02.22"]
[EventType "swiss"]
[EventRounds "7"]
[EventCountry "FIN"]
[SourceTitle "CBM 189 Extra"]
[Source "ChessBase"]
[SourceDate "2019.06.03"]
[SourceVersion "1"]
[SourceVersionDate "2019.06.03"]
[SourceQuality "1"]

1. d4 g6 2. e4 c6 3. Nf3 d5 4. Nc3 Bg4 5. Be2 dxe4 6. Nxe4 Nf6 7. Nxf6+ exf6 8. 0-0 Bg7 9. h3 Be6 10. c4 0-0 11. Bf4 Re8 12. Qd2 Bf8 13. Rfd1 Bd6 14. Bf1 Bxf4 15. Qxf4 Kg7 16. d5 cxd5 17. cxd5 Bc8 18. Rac1 Qb6 19. Qd4 Nd7 20. d6 Rd8 21. Rc7 Nf8 22. Qxb6 axb6 23. Bc4 Rd7 24. Nd4 Ne6 25. Nxe6+ fxe6 26. Rxc8 Rxc8 27. Bxe6 Rcd8 28. Bxd7 Rxd7 29. Kf1 Kf7 30. Ke2 Ke6 31. Ke3 Rxd6 32. Rxd6+ Kxd6 33. Kd4 g5 34. a4 f5 35. g4 f4 36. Ke4 Kc5 37. Kf5 Kd4 38. h4 Kd3 39. hxg5 f3 40. Kf4 Kc2 41. Kxf3 Kxb2 42. Ke3 Ka3 43. f4 Kxa4 44. f5 1-0

[Event "FIN-chT1A 1718"]
[Site "Finland"]
[Date "2018.02.03"]
[Round "6.4"]
[White "Mikkonen, Harri"]
[Black "Karvinen, Kimmo"]
[Result "1-0"]
[WhiteElo "1974"]
[BlackElo "2115"]
[PlyCount "75"]
[EventDate "2017.09.16"]
[EventType "team-tourn"]
[EventRounds "7"]
[EventCountry "FIN"]
[SourceTitle "EXT 2020"]
[Source "ChessBase"]
[SourceDate "2019.10.17"]
[SourceVersion "1"]
[SourceVersionDate "2019.10.17"]
[SourceQuality "1"]
[WhiteTeam "Akaa"]
[BlackTeam "Vantaa Remi"]
[WhiteTeamCountry "FIN"]
[BlackTeamCountry "FIN"]

1. e4 e6 2. d4 d5 3. Bd3 Nf6 4. e5 Nfd7 5. Ne2 c5 6. c3 Nc6 7. 0-0 g6 8. Kh1 Bg7 9. Nd2 Qb6 10. c4 cxd4 11. f4 0-0 12. cxd5 exd5 13. Qb3 Nb4 14. a3 Nc5 15. Qxb4 Qxb4 16. axb4 Nxd3 17. Nxd4 Nxb4 18. N2f3 Bd7 19. h3 Rfc8 20. Rd1 a6 21. g4 Nc2 22. Ra5 b5 23. Bd2 Nxd4 24. Nxd4 Rc4 25. Be3 g5 26. fxg5 Bxe5 27. Nf5 Bxf5 28. gxf5 d4 29. Bg1 Rc2 30. b4 Rc4 31. Rda1 Rc6 32. Rxb5 Re8 33. Rd5 Rc4 34. Re1 d3 35. Rxd3 Rxb4 36. Rde3 Rb5 37. Bh2 f6 38. gxf6 1-0

[Event "FIN-chT1B 1617"]
[Site "Finland"]
[Date "2016.10.08"]
[Round "3.3"]
[White "Hagelberg, Lauri"]
[Black "Karvinen, Kimmo"]
[Result "1/2-1/2"]
[WhiteElo "1973"]
[BlackElo "2115"]
[PlyCount "72"]
[EventDate "2016.09.17"]
[EventType "team-tourn"]
[EventRounds "7"]
[EventCountry "FIN"]
[SourceTitle "EXT 2019"]
[Source "ChessBase"]
[SourceDate "2018.10.10"]
[SourceVersion "1"]
[SourceVersionDate "2018.10.10"]
[SourceQuality "1"]
[WhiteTeam "Lahti S"]
[BlackTeam "Vantaa Remi"]
[WhiteTeamCountry "FIN"]
[BlackTeamCountry "FIN"]

1. d4 g6 2. Nf3 Bg7 3. c4 c5 4. d5 d6 5. Qc2 Nf6 6. Nc3 0-0 7. Bg5 Qa5 8. Nd2 e6 9. e4 Re8 10. Be2 a6 11. 0-0 exd5 12. cxd5 b5 13. Rfe1 Qc7 14. a4 b4 15. Nd1 a5 16. Ne3 Ba6 17. Bxa6 Rxa6 18. f3 Nbd7 19. Ndc4 Nb6 20. Nxb6 Rxb6 21. Nc4 Rbb8 22. Bf4 Rbd8 23. Rad1 h6 24. g4 Nh7 25. Kg2 g5 26. Bg3 Nf8 27. h4 Ng6 28. hxg5 hxg5 29. Rh1 Be5 30. Rh5 Bf4 31. Rdh1 Qe7 32. b3 Qf6 33. Qb2 Be5 34. Qd2 Bf4 35. Qb2 Be5 36. Qd2 Bf4 1/2-1/2

[Event "Helsinki Garde Spring Weekend A"]
[Site "Helsinki"]
[Date "2016.03.06"]
[Round "4"]
[White "Karvinen, Kimmo"]
[Black "Tuovinen, Jukka"]
[Result "1-0"]
[WhiteElo "2108"]
[BlackElo "2059"]
[PlyCount "77"]
[EventDate "2016.03.04"]
[EventType "swiss"]
[EventRounds "5"]
[EventCountry "FIN"]
[SourceTitle "EXT 2022"]
[Source "ChessBase"]
[SourceDate "2021.10.06"]
[SourceVersion "1"]
[SourceVersionDate "2021.10.06"]
[SourceQuality "1"]

1. e4 c5 2. Nc3 Nc6 3. Bb5 d6 4. Bxc6+ bxc6 5. f4 g6 6. d3 Bg7 7. Nf3 e6 8. e5 d5 9. b3 Qa5 10. Bd2 Qa6 11. Na4 c4 12. dxc4 dxc4 13. Nc5 Qb6 14. Ne4 cxb3 15. Nd6+ Kf8 16. axb3 Bd7 17. Ng5 Be8 18. Qe2 Ne7 19. Ra6 Qb8 20. 0-0 Nd5 21. Be3 Nxe3 22. Qxe3 h6 23. Nge4 Kg8 24. Rfa1 g5 25. g3 gxf4 26. Qxf4 Kh7 27. Nf6+ Bxf6 28. Qxf6 Qc7 29. Qf2 c5 30. R6a5 Rf8 31. Rxc5 Qb6 32. Ne4 f5 33. Nf6+ Kg7 34. Rca5 Qxf2+ 35. Kxf2 Rf7 36. Nxe8+ Rxe8 37. Rxa7 Rc8 38. Rxf7+ Kxf7 39. c4 1-0

[Event "Jyvaskyla Winter Weekend A"]
[Site "Jyvaskyla"]
[Date "2016.01.22"]
[Round "1"]
[White "Karvinen, Kimmo"]
[Black "Vilppolainen, Markku"]
[Result "1/2-1/2"]
[WhiteElo "2109"]
[BlackElo "1958"]
[PlyCount "71"]
[EventDate "2016.01.22"]
[EventType "swiss"]
[EventRounds "5"]
[EventCountry "FIN"]
[SourceTitle "EXT 2022"]
[Source "ChessBase"]
[SourceDate "2021.10.06"]
[SourceVersion "1"]
[SourceVersionDate "2021.10.06"]
[SourceQuality "1"]

1. e4 d6 2. f4 d5 3. e5 c5 4. Bb5+ Bd7 5. Bxd7+ Qxd7 6. Nf3 Nc6 7. 0-0 e6 8. Nc3 Nh6 9. Ne2 Qc7 10. c3 Qb6 11. d4 Be7 12. Kh1 Nf5 13. g4 Nh6 14. h3 Ng8 15. Ng3 h5 16. gxh5 g6 17. hxg6 fxg6 18. Kg2 Nh6 19. b3 cxd4 20. cxd4 Kd7 21. Be3 Raf8 22. Qd3 Nf5 23. Nxf5 Rxf5 24. a3 a6 25. b4 Qb5 26. Qc2 Rc8 27. Rac1 Rff8 28. Qa2 Qd3 29. Rfe1 Qf5 30. Qc2 Qh5 31. Qf2 Rh8 32. Qg3 Qf5 33. Bf2 Rcf8 34. Be3 Rc8 35. Bf2 Rcf8 36. Be3 1/2-1/2

[Event "FIN-chT1B 1516"]
[Site "Finland"]
[Date "2015.11.08"]
[Round "4.4"]
[White "Salimaki, Janne"]
[Black "Karvinen, Kimmo"]
[Result "0-1"]
[WhiteElo "2105"]
[BlackElo "2100"]
[PlyCount "92"]
[EventDate "2015.09.12"]
[EventType "team-tourn"]
[EventRounds "8"]
[EventCountry "FIN"]
[SourceTitle "EXT 2017"]
[Source "ChessBase"]
[SourceDate "2016.10.25"]
[SourceVersion "1"]
[SourceVersionDate "2016.10.25"]
[SourceQuality "1"]
[WhiteTeam "Espoo MatSK II"]
[BlackTeam "Vantaa Remi"]
[WhiteTeamCountry "FIN"]
[BlackTeamCountry "FIN"]

1. d4 g6 2. e4 c6 3. Nc3 d5 4. e5 e6 5. f4 c5 6. Nf3 Nh6 7. Be3 Nf5 8. Bf2 cxd4 9. Nxd4 Nxd4 10. Qxd4 Nc6 11. Qd2 Bb4 12. a3 Qa5 13. axb4 Qxa1+ 14. Nd1 Bd7 15. Bh4 Qa4 16. Bf6 Rg8 17. c3 a5 18. b5 Na7 19. Qf2 Nc8 20. Qc5 Qe4+ 21. Be2 Qxg2 22. Rf1 Qe4 23. Qc7 Ne7 24. Qxb7 Rc8 25. Kf2 Qxf4+ 26. Kg1 Qe4 27. Rf2 Nf5 28. Qb6 a4 29. Bf3 Qc4 30. Be2 Qc5 31. Qa6 Rb8 32. Qxa4 Bxb5 33. Bxb5+ Qxb5 34. Qa7 Qb7 35. Qa4+ Qd7 36. Qa3 Qb5 37. Kh1 Qb3 38. Qa1 Kd7 39. Qc1 Qc4 40. Rf4 Qe2 41. Rf2 Qe1+ 42. Kg2 Rgc8 43. Rf1 Qe4+ 44. Kg1 Ra8 45. Nf2 Qf3 46. Qd2 Ne3 0-1

[Event "FIN-chT1A 1415"]
[Site "Finland"]
[Date "2015.03.14"]
[Round "7.5"]
[White "Erlund, Kaj"]
[Black "Karvinen, Kimmo"]
[Result "0-1"]
[WhiteElo "2041"]
[BlackElo "2064"]
[PlyCount "52"]
[EventDate "2014.09.27"]
[EventType "team-tourn"]
[EventRounds "7"]
[EventCountry "FIN"]
[SourceTitle "EXT 2017"]
[Source "ChessBase"]
[SourceDate "2016.10.25"]
[SourceVersion "1"]
[SourceVersionDate "2016.10.25"]
[SourceQuality "1"]
[WhiteTeam "Loimaa SK"]
[BlackTeam "Vantaa Remi"]
[WhiteTeamCountry "FIN"]
[BlackTeamCountry "FIN"]

1. e4 e6 2. d4 d5 3. Nc3 Nf6 4. e5 Nfd7 5. Nf3 c5 6. Be3 Nc6 7. Be2 Qc7 8. Nb5 Qb8 9. c3 a6 10. Na3 cxd4 11. cxd4 f6 12. exf6 Nxf6 13. Nc2 Bd6 14. h3 0-0 15. Bd3 Bd7 16. Qe2 Qc7 17. a3 Na5 18. Nd2 b5 19. 0-0 Nc4 20. b3 Nb2 21. Rfc1 Rac8 22. Ne1 Qxc1 23. Rxc1 Rxc1 24. Ndf3 Nxd3 25. Bxc1 Nxc1 26. Qe3 Bf4 0-1

[Event "FIN-chT1A 1415"]
[Site "Finland"]
[Date "2015.02.07"]
[Round "6.4"]
[White "Karvinen, Kimmo"]
[Black "Koivunen, Jussi"]
[Result "1-0"]
[WhiteElo "2064"]
[BlackElo "2042"]
[PlyCount "107"]
[EventDate "2014.09.27"]
[EventType "team-tourn"]
[EventRounds "7"]
[EventCountry "FIN"]
[SourceTitle "EXT 2017"]
[Source "ChessBase"]
[SourceDate "2016.10.25"]
[SourceVersion "1"]
[SourceVersionDate "2016.10.25"]
[SourceQuality "1"]
[WhiteTeam "Vantaa Remi"]
[BlackTeam "Pori PSY"]
[WhiteTeamCountry "FIN"]
[BlackTeamCountry "FIN"]

1. e4 c6 2. d4 d5 3. exd5 cxd5 4. Bd3 Nc6 5. c3 Nf6 6. Bf4 Bg4 7. Nf3 e6 8. Nbd2 Bd6 9. Bxd6 Qxd6 10. 0-0 0-0 11. Re1 Rfe8 12. Qb3 Rab8 13. Ne5 Bh5 14. f4 Bg6 15. Qc2 Nd7 16. Ndf3 Bxd3 17. Qxd3 f5 18. Ng5 Ndxe5 19. fxe5 Qe7 20. Qg3 b5 21. a3 Na5 22. Nh3 Nc4 23. Re2 a5 24. Nf4 Kh8 25. Nh5 Rb7 26. Qh3 Qg5 27. Rd1 Rf8 28. Qf3 f4 29. Ng3 Rbf7 30. Nf1 a4 31. Rde1 Rf5 32. Rd1 Qh6 33. h3 Qg6 34. Rde1 h5 35. Rd1 Qh6 36. h4 g5 37. hxg5 Qxg5 38. Rd3 Rg8 39. Qh3 Qg4 40. Rf3 Qxh3 41. Rxh3 f3 42. Rf2 Rxg2+ 43. Rxg2 fxg2 44. Kxg2 Nxb2 45. Ng3 Rg5 46. Kf3 Kg8 47. Nxh5 Kf7 48. Nf4 Nc4 49. Rh7+ Rg7 50. Rh6 Nxa3 51. Rxe6 Nc4 52. Ra6 Rg1 53. Ra7+ Ke8 54. Nxd5 1-0